Management decision sciences (Record no. 82427)

MARC details
000 -LEADER
fixed length control field 00934nam a2200205 a 4500
008 - FIXED-LENGTH DATA ELEMENTS--GENERAL INFORMATION
fixed length control field 120416s1980 ||||||||||||||||| || u
050 ## - LIBRARY OF CONGRESS CALL NUMBER
Classification number HD 30.23 Ber
100 ## - MAIN ENTRY--PERSONAL NAME
Personal name Berry, William L
245 10 - TITLE STATEMENT
Title Management decision sciences
246 ## -
-- cases and readings
260 ## - PUBLICATION, DISTRIBUTION, ETC.
Place of publication, distribution, etc. Homewood, Ill.
Name of publisher, distributor, etc. Irwin
Date of publication, distribution, etc. 1980
300 ## - PHYSICAL DESCRIPTION
Extent xv, 583p. : ill.
350 ## -
-- 0.00
650 #0 - SUBJECT ADDED ENTRY--TOPICAL TERM
Topical term or geographic name entry element MANAGEMENT
650 ## - SUBJECT ADDED ENTRY--TOPICAL TERM
Topical term or geographic name entry element DECISION MAKING--SCIENCE
700 ## - ADDED ENTRY--PERSONAL NAME
Personal name Hammond, John S
995 ## -
-- ANNEX COLLECTION (Main Library)
-- 0.00
-- 704116
-- CBU-MAIN LIBRARY (Kitwe)
-- 2
-- 0.00
-- HD 30.23 Ber
-- 1
-- AVAILABLE
-- 002908
-- Annex Low-Usage Collection
995 ## -
-- ANNEX COLLECTION (Main Library)
-- 0.00
-- 704115
-- CBU-MAIN LIBRARY (Kitwe)
-- 1
-- 0.00
-- HD 30.23 Ber
-- 2
-- AVAILABLE
-- 002907
-- Annex Low-Usage Collection
995 ## -
-- ANNEX COLLECTION (Main Library)
-- 0.00
-- 721403
-- CBU-MAIN LIBRARY (Kitwe)
-- 3
-- 0.00
-- HD 30.23 Ber
-- 3
-- AVAILABLE
-- 002909
-- Annex Low-Usage Collection
999 ## -
-- 82427
-- 82427
Holdings
Withdrawn status Lost status Source of classification or shelving scheme Damaged status Not for loan Permanent Location Current Location Shelving location Date acquired Total Checkouts Full call number Barcode Date last seen Copy number Price effective from Koha item type
Withdrawn         CBU-MAIN LIBRARY, KITWE. CBU-MAIN LIBRARY, KITWE.   09/27/2023   HD 30.23 Ber 002908 09/27/2023 1 09/27/2023 MONOGRAPH
          CBU-MAIN LIBRARY, KITWE. CBU-MAIN LIBRARY, KITWE.   09/27/2023   HD 30.23 Ber 002907 09/27/2023 2 09/27/2023 MONOGRAPH
          CBU-MAIN LIBRARY, KITWE. CBU-MAIN LIBRARY, KITWE.   09/27/2023   HD 30.23 Ber 002909 09/27/2023 3 09/27/2023 MONOGRAPH